000 00884nam a2200277Ia 4500
003 OSt
005 20220925192129.0
006 a|||||r|||| 00| 0
007 ta
008 220923b |||||||| |||| 00| 0 eng d
020 _a0618832076
_c2951.3600000000001
037 _b500, 06/03/2009, Bharatiya Sahitya Bhavana
_cGeneral Book
040 _aRTL
_cRTL
_beng
041 _2eng
_aeng
082 _aY9(R1), P8
100 _aWhite Fred D
_9244025
245 0 _aWell-crafted argument
_b A guide and reader.
250 _a3rd
260 _aBoston
_bHoughton Mifflin Company
_c2008
300 _axxvi, 726p.
_ccm.
500 _aGlossary: P713-717
650 _aGeography
700 _a Billings Simone J
_9244026
942 _hY9(R1), P8
_cGB
_2CC
999 _c521049
_d521049